[Event "Wroclaw Open"]
[Site "?"]
[Date "2017.08.16"]
[Round "7.3"]
[White "Kowalczyk, Pawel"]
[Black "Sergeev, Vladimir"]
[Result "1-0"]
[BlackElo "2417"]
[WhiteElo "2311"]
[LiveChessVersion "1.4.6"]

1. e4 {[%clk 1:30:59]} c6 {[%clk 1:14:51]} 2. Nf3 {[%clk 1:31:10]} d5
{[%clk 1:15:09]} 3. Nc3 {[%clk 1:31:32]} dxe4 {[%clk 1:14:49]} 4. Nxe4
{[%clk 1:31:58]} Nd7 {[%clk 1:15:02]} 5. Bc4 {[%clk 1:31:18]} Ngf6
{[%clk 1:11:45]} 6. Ng3 {[%clk 1:31:08]} e6 {[%clk 1:11:04]} 7. O-O
{[%clk 1:26:31]} b5 {[%clk 1:11:21]} 8. Bb3 {[%clk 1:26:36]} Bd6 {[%clk 1:09:25]}
9. d4 {[%clk 1:25:52]} O-O {[%clk 1:08:31]} 10. Re1 {[%clk 1:25:28]} c5
{[%clk 1:05:35]} 11. c3 {[%clk 1:25:40]} Bb7 {[%clk 1:05:34]} 12. Ne5
{[%clk 1:23:14]} Bd5 {[%clk 0:48:23]} 13. Bg5 {[%clk 1:18:14]} Bxb3
{[%clk 0:44:16]} 14. axb3 {[%clk 1:18:03]} Qc7 {[%clk 0:43:57]} 15. Nxd7
{[%clk 1:15:39]} Nxd7 {[%clk 0:43:46]} 16. d5 {[%clk 1:15:38]} exd5
{[%clk 0:30:49]} 17. Qxd5 {[%clk 1:13:45]} Nb6 {[%clk 0:31:16]} 18. Qf3
{[%clk 1:13:06]} Rae8 {[%clk 0:31:23]} 19. Qg4 {[%clk 1:12:00]} Rxe1+
{[%clk 0:18:39]} 20. Rxe1 {[%clk 1:11:42]} f6 {[%clk 0:18:33]} 21. Bh6
{[%clk 1:07:38]} Bxg3 {[%clk 0:17:28]} 22. hxg3 {[%clk 1:02:35]} Qd7
{[%clk 0:17:47]} 23. Qxd7 {[%clk 1:01:36]} Nxd7 {[%clk 0:18:16]} 24. Bf4
{[%clk 1:01:57]} Ne5 {[%clk 0:09:40]} 25. Rd1 {[%clk 0:54:07]} Re8
{[%clk 0:05:20]} 26. f3 {[%clk 0:47:12]} c4 {[%clk 0:05:39]} 27. Bxe5
{[%clk 0:45:54]} Rxe5 {[%clk 0:06:00]} 28. bxc4 {[%clk 0:45:51]} bxc4
{[%clk 0:06:29]} 29. Rd7 {[%clk 0:43:42]} a5 {[%clk 0:06:18]} 30. Rb7
{[%clk 0:43:27]} Re2 {[%clk 0:06:38]} 31. Rb5 {[%clk 0:42:24]} Kf7
{[%clk 0:03:52]} 32. Rxa5 {[%clk 0:42:41]} Rxb2 {[%clk 0:04:20]} 33. Rc5
{[%clk 0:43:08]} Rc2 {[%clk 0:04:44]} 34. Rxc4 {[%clk 0:43:34]} h5
{[%clk 0:05:11]} 35. Kh2 {[%clk 0:43:13]} Kg6 {[%clk 0:05:36]} 36. g4
{[%clk 0:42:43]} Kh6 {[%clk 0:05:15]} 37. gxh5 {[%clk 0:42:42]} Kxh5
{[%clk 0:05:39]} 38. Kh3 {[%clk 0:42:20]} g5 {[%clk 0:04:22]} 39. Rc6
{[%clk 0:33:51]} Kg6 {[%clk 0:04:39]} 40. g3 {[%clk 0:34:12]} Kf5
{[%clk 0:03:51]} 41. Rc5+ {[%clk 0:34:33]} Kg6 {[%clk 0:03:53]} 42. Kg4
{[%clk 0:34:07]} Rc1 {[%clk 0:02:47]} 43. Rc6 {[%clk 0:34:05]} Rc2
{[%clk 0:01:40]} 44. f4 {[%clk 0:34:05]} gxf4 {[%clk 0:02:07]} 45. Kxf4
{[%clk 0:34:31]} Rf2+ {[%clk 0:02:02]} 46. Ke3 {[%clk 0:34:47]} Rg2
{[%clk 0:02:10]} 47. Kf3 {[%clk 0:35:15]} Rc2 {[%clk 0:02:35]} 48. Rc8
{[%clk 0:35:40]} Rc1 {[%clk 0:02:29]} 49. c4 {[%clk 0:35:26]} Kf5
{[%clk 0:01:34]} 50. Rc5+ {[%clk 0:35:16]} Kg6 {[%clk 0:02:01]} 51. Ke4
{[%clk 0:35:22]} Rc3 {[%clk 0:01:08]} 52. Rc8 {[%clk 0:35:42]} Kg7
{[%clk 0:01:32]} 53. g4 {[%clk 0:34:48]} Rc1 {[%clk 0:01:11]} 54. c5
{[%clk 0:34:54]} Kg6 {[%clk 0:01:15]} 55. Kd5 {[%clk 0:34:36]} Rd1+
{[%clk 0:01:36]} 56. Ke6 {[%clk 0:34:48]} Re1+ {[%clk 0:02:04]} 57. Kd6
{[%clk 0:35:05]} Rd1+ {[%clk 0:02:31]} 58. Kc7 {[%clk 0:35:28]} Rc1
{[%clk 0:00:39]} 59. c6 {[%clk 0:35:52]} Kf7 {[%clk 0:00:38]} 60. Rd8
{[%clk 0:35:05]} Rc4 {[%clk 0:01:06]} 61. Rd1 {[%clk 0:33:12]} Rxg4
{[%clk 0:00:47]} 62. Kd7 {[%clk 0:33:25]} Re4 {[%clk 0:00:35]} 63. c7
{[%clk 0:33:48]} Re7+ {[%clk 0:01:03]} 64. Kc6 {[%clk 0:34:07]} Re2
{[%clk 0:01:02]} 65. c8=Q {[%clk 0:34:22]} Rc2+ {[%clk 0:01:31]} 66. Kd7
{[%clk 0:34:37]} Rxc8 {[%clk 0:02:00]} 67. Kxc8 {[%clk 0:35:00]} Ke6
{[%clk 0:02:29]} 68. Kc7 {[%clk 0:34:41]} Ke5 {[%clk 0:02:55]} 69. Kc6
{[%clk 0:34:44]} f5 {[%clk 0:03:24]} 70. Kc5 {[%clk 0:34:46]} Ke4
{[%clk 0:03:50]} 71. Kc4 {[%clk 0:35:08]} Ke3 {[%clk 0:04:06]} 72. Kc3
{[%clk 0:34:59]} Ke2 {[%clk 0:02:51]} 73. Rd2+ {[%clk 0:35:24]} Ke3
{[%clk 0:03:20]} 74. Rd8 {[%clk 0:35:47]} f4 {[%clk 0:03:48]} 75. Re8+
{[%clk 0:36:11]} Kf2 {[%clk 0:04:17]} 76. Kd2 {[%clk 0:36:35]} f3
{[%clk 0:04:44]} 77. Rf8 {[%clk 0:37:00]} 1-0

[Event "Wroclaw Open"]
[Site "?"]
[Date "2017.08.16"]
[Round "7.4"]
[White "Sieciechowicz, Marcin"]
[Black "Dowgird, Filip"]
[Result "1-0"]
[BlackElo "2271"]
[WhiteElo "2408"]
[LiveChessVersion "1.4.6"]

1. d4 {[%clk 1:29:47]} Nf6 {[%clk 1:30:53]} 2. c4 {[%clk 1:30:12]} Nc6
{[%clk 1:31:19]} 3. Nc3 {[%clk 1:30:26]} e5 {[%clk 1:31:44]} 4. d5
{[%clk 1:30:34]} Ne7 {[%clk 1:32:08]} 5. Nf3 {[%clk 1:30:19]} Ng6
{[%clk 1:31:51]} 6. h4 {[%clk 1:29:56]} h5 {[%clk 1:31:41]} 7. Bg5
{[%clk 1:28:44]} d6 {[%clk 1:28:05]} 8. Qc2 {[%clk 1:25:16]} Be7 {[%clk 1:28:04]}
9. e3 {[%clk 1:24:40]} Ng4 {[%clk 1:24:49]} 10. Bd3 {[%clk 1:20:50]} Nf8
{[%clk 1:24:40]} 11. Bxe7 {[%clk 1:19:33]} Qxe7 {[%clk 1:25:03]} 12. O-O-O
{[%clk 1:19:17]} f5 {[%clk 1:18:44]} 13. Ng5 {[%clk 1:12:01]} e4 {[%clk 1:17:07]}
14. Be2 {[%clk 1:10:54]} Ng6 {[%clk 1:09:38]} 15. c5 {[%clk 1:03:50]} O-O
{[%clk 1:02:05]} 16. Bxg4 {[%clk 0:56:28]} hxg4 {[%clk 1:02:20]} 17. c6
{[%clk 0:52:44]} Rb8 {[%clk 0:56:28]} 18. Qa4 {[%clk 0:47:46]} a6
{[%clk 0:53:26]} 19. Qd4 {[%clk 0:46:38]} bxc6 {[%clk 0:47:19]} 20. dxc6
{[%clk 0:46:30]} Ne5 {[%clk 0:47:40]} 21. Nd5 {[%clk 0:41:23]} Qe8
{[%clk 0:40:19]} 22. Kb1 {[%clk 0:40:22]} Nxc6 {[%clk 0:39:16]} 23. Qc4
{[%clk 0:30:24]} Kh8 {[%clk 0:39:38]} 24. Nxc7 {[%clk 0:25:49]} Qe5
{[%clk 0:38:22]} 25. b3 {[%clk 0:23:50]} Nd8 {[%clk 0:33:42]} 26. Rd2
{[%clk 0:13:22]} Rb6 {[%clk 0:32:17]} 27. Nd5 {[%clk 0:12:22]} Rc6
{[%clk 0:32:11]} 28. Qd4 {[%clk 0:12:39]} Qe8 {[%clk 0:25:39]} 29. h5
{[%clk 0:10:51]} Ne6 {[%clk 0:24:09]} 30. Nxe6 {[%clk 0:10:43]} Qxe6
{[%clk 0:24:34]} 31. Nf4 {[%clk 0:09:37]} Qf6 {[%clk 0:24:14]} 32. Ng6+
{[%clk 0:09:37]} Kh7 {[%clk 0:24:39]} 33. Nxf8+ {[%clk 0:09:44]} Qxf8
{[%clk 0:25:07]} 34. Rc1 {[%clk 0:09:41]} Rxc1+ {[%clk 0:24:38]} 35. Kxc1
{[%clk 0:10:10]} Be6 {[%clk 0:22:25]} 36. Qxd6 {[%clk 0:10:07]} Qf6
{[%clk 0:22:51]} 37. Kb1 {[%clk 0:10:08]} Qc3 {[%clk 0:23:04]} 38. Rc2
{[%clk 0:10:02]} 1-0

[Event "Wroclaw Open"]
[Site "?"]
[Date "2017.08.16"]
[Round "7.5"]
[White "Swicarz, Maciej"]
[Black "Gierulski, Kamil"]
[Result "0-1"]
[BlackElo "2210"]
[WhiteElo "2369"]
[LiveChessVersion "1.4.6"]

1. e4 {[%clk 1:30:47]} e6 {[%clk 1:30:53]} 2. d4 {[%clk 1:30:19]} d5
{[%clk 1:31:16]} 3. Nc3 {[%clk 1:30:45]} Nf6 {[%clk 1:31:41]} 4. e5
{[%clk 1:31:09]} Nfd7 {[%clk 1:32:06]} 5. f4 {[%clk 1:31:33]} c5 {[%clk 1:32:29]}
6. Nf3 {[%clk 1:31:57]} Nc6 {[%clk 1:32:56]} 7. Be3 {[%clk 1:32:04]} Qb6
{[%clk 1:33:08]} 8. Na4 {[%clk 1:29:37]} Qc7 {[%clk 1:33:25]} 9. dxc5
{[%clk 1:26:43]} Qa5+ {[%clk 1:31:18]} 10. c3 {[%clk 1:26:20]} b5
{[%clk 1:31:45]} 11. cxb6 {[%clk 1:23:20]} axb6 {[%clk 1:31:59]} 12. b3
{[%clk 1:20:13]} b5 {[%clk 1:23:48]} 13. Nb2 {[%clk 1:20:38]} Qxc3+
{[%clk 1:23:38]} 14. Qd2 {[%clk 1:21:04]} Bb4 {[%clk 1:21:00]} 15. Ke2
{[%clk 0:50:45]} Bb7 {[%clk 1:02:36]} 16. Qc1 {[%clk 0:32:41]} d4
{[%clk 1:00:23]} 17. Nd1 {[%clk 0:30:57]} Qc5 {[%clk 0:51:22]} 18. Qxc5
{[%clk 0:28:32]} Bxc5 {[%clk 0:48:09]} 19. Bf2 {[%clk 0:28:24]} O-O
{[%clk 0:41:51]} 20. Nb2 {[%clk 0:21:07]} Ra3 {[%clk 0:39:25]} 21. Kd1
{[%clk 0:15:40]} Rfa8 {[%clk 0:39:12]} 22. Bxb5 {[%clk 0:12:51]} Rxb3
{[%clk 0:37:29]} 23. Bxc6 {[%clk 0:12:57]} Bxc6 {[%clk 0:37:41]} 24. Kc2
{[%clk 0:12:52]} Be4+ {[%clk 0:35:03]} 25. Kxb3 {[%clk 0:13:03]} Rb8+
{[%clk 0:35:29]} 26. Kc4 {[%clk 0:13:01]} Rb4# 0-1

[Event "Wroclaw Open"]
[Site "?"]
[Date "2017.08.16"]
[Round "7.7"]
[White "Sivakumar, Ashvin"]
[Black "Kucza, Karol"]
[Result "1-0"]
[BlackElo "2320"]
[WhiteElo "2221"]
[LiveChessVersion "1.4.6"]

1. d4 d5 {[%clk 1:30:50]} 2. c4 {[%clk 1:31:05]} e6 {[%clk 1:31:13]} 3. Nf3
{[%clk 1:31:02]} Nf6 {[%clk 1:31:29]} 4. g3 {[%clk 1:31:23]} Bb4+
{[%clk 1:31:48]} 5. Nc3 {[%clk 1:27:08]} O-O {[%clk 1:31:08]} 6. Bg2
{[%clk 1:27:01]} dxc4 {[%clk 1:24:01]} 7. O-O {[%clk 1:26:01]} Bd7
{[%clk 1:20:52]} 8. Ne5 {[%clk 1:15:41]} Bc6 {[%clk 1:20:30]} 9. e4
{[%clk 1:15:36]} a6 {[%clk 0:53:53]} 10. a4 {[%clk 1:03:48]} Bxc3
{[%clk 0:47:45]} 11. Nxc6 {[%clk 1:03:39]} Nxc6 {[%clk 0:47:58]} 12. bxc3
{[%clk 1:04:02]} Na5 {[%clk 0:48:14]} 13. Ra2 {[%clk 0:27:58]} Nb3
{[%clk 0:43:57]} 14. Bg5 {[%clk 0:26:49]} h6 {[%clk 0:33:20]} 15. Be3
{[%clk 0:22:53]} Qd7 {[%clk 0:30:39]} 16. g4 {[%clk 0:22:51]} c5 {[%clk 0:25:18]}
17. f4 cxd4 {[%clk 0:24:25]} 18. cxd4 {[%clk 0:17:05]} Rfd8 {[%clk 0:13:24]} 19.
g5 {[%clk 0:15:30]} Ne8 {[%clk 0:13:12]} 20. gxh6 {[%clk 0:14:59]} Nxd4
{[%clk 0:13:41]} 21. Rd2 {[%clk 0:14:42]} 1-0

[Event "Wroclaw Open"]
[Site "?"]
[Date "2017.08.16"]
[Round "7.8"]
[White "Van Der Veen, Ronald"]
[Black "Jagodzinski, Piotr"]
[Result "0-1"]
[BlackElo "2177"]
[WhiteElo "2002"]
[LiveChessVersion "1.4.6"]

1. d4 {[%clk 1:30:57]} d6 {[%clk 1:30:59]} 2. c4 {[%clk 1:31:11]} e5
{[%clk 1:31:20]} 3. dxe5 {[%clk 1:29:18]} dxe5 {[%clk 1:31:49]} 4. Qxd8+
{[%clk 1:29:32]} Kxd8 {[%clk 1:32:18]} 5. Nc3 {[%clk 1:29:47]} c6
{[%clk 1:32:41]} 6. f4 {[%clk 1:26:38]} Nd7 {[%clk 1:20:35]} 7. Nf3
{[%clk 1:25:54]} Bd6 {[%clk 1:20:04]} 8. Ng5 {[%clk 1:20:45]} Ke8
{[%clk 1:19:58]} 9. Nge4 {[%clk 1:20:32]} Bc7 {[%clk 1:16:43]} 10. g3
{[%clk 1:16:56]} f5 {[%clk 1:02:22]} 11. Ng5 {[%clk 1:13:42]} Ndf6
{[%clk 1:01:04]} 12. fxe5 {[%clk 1:06:07]} Ng4 {[%clk 0:52:50]} 13. Nf3
{[%clk 1:04:03]} Nxe5 {[%clk 0:52:46]} 14. Nxe5 {[%clk 1:03:56]} Bxe5
{[%clk 0:53:10]} 15. Bd2 {[%clk 1:04:11]} Nf6 {[%clk 0:51:26]} 16. O-O-O
{[%clk 0:56:05]} Kf7 {[%clk 0:44:23]} 17. Bh3 {[%clk 0:50:56]} Re8
{[%clk 0:43:10]} 18. Rhf1 {[%clk 0:38:44]} Kg6 {[%clk 0:40:52]} 19. Rde1
{[%clk 0:36:10]} Be6 {[%clk 0:34:25]} 20. b3 {[%clk 0:34:45]} b5 {[%clk 0:22:27]}
21. Bg2 {[%clk 0:31:41]} bxc4 {[%clk 0:15:55]} 22. Bxc6 {[%clk 0:28:17]} cxb3
{[%clk 0:16:08]} 23. Bxe8+ {[%clk 0:26:04]} Rxe8 {[%clk 0:16:37]} 24. a3
{[%clk 0:24:19]} Rc8 {[%clk 0:15:06]} 25. Kb2 {[%clk 0:19:10]} Ne4
{[%clk 0:15:30]} 0-1

[Event "Wroclaw Open"]
[Site "?"]
[Date "2017.08.16"]
[Round "7.9"]
[White "Szczepaniak, Lukasz"]
[Black "Kanicki, Krzysztof"]
[Result "1-0"]
[BlackElo "2098"]
[WhiteElo "2163"]
[LiveChessVersion "1.4.6"]

1. e4 {[%clk 1:30:51]} c5 {[%clk 1:30:55]} 2. Nf3 {[%clk 1:30:25]} Nc6
{[%clk 1:31:20]} 3. d4 {[%clk 1:30:23]} cxd4 {[%clk 1:31:44]} 4. Nxd4
{[%clk 1:30:49]} Nf6 {[%clk 1:32:09]} 5. Nc3 {[%clk 1:31:13]} d6 {[%clk 1:32:34]}
6. Bc4 {[%clk 1:28:39]} Qb6 {[%clk 1:32:53]} 7. Nde2 {[%clk 1:27:54]} e6
{[%clk 1:32:25]} 8. O-O {[%clk 1:25:02]} Be7 {[%clk 1:32:21]} 9. Bb3
{[%clk 1:23:42]} O-O {[%clk 1:31:34]} 10. Be3 {[%clk 1:23:54]} Qa5
{[%clk 1:29:42]} 11. Ng3 {[%clk 1:21:57]} Rd8 {[%clk 1:04:56]} 12. Kh1
{[%clk 1:12:25]} d5 {[%clk 0:54:05]} 13. exd5 {[%clk 1:12:19]} exd5
{[%clk 0:41:16]} 14. Nce2 {[%clk 1:09:02]} Ne4 {[%clk 0:40:08]} 15. Nd4
{[%clk 1:03:24]} Bf6 {[%clk 0:37:17]} 16. c3 {[%clk 0:56:09]} g6 {[%clk 0:32:00]}
17. Nxc6 {[%clk 0:39:56]} bxc6 {[%clk 0:32:07]} 18. Qf3 {[%clk 0:40:06]} Rd6
{[%clk 0:22:14]} 19. Nxe4 {[%clk 0:30:04]} dxe4 {[%clk 0:22:36]} 20. Qxe4
{[%clk 0:30:12]} Bf5 {[%clk 0:22:42]} 21. Qc4 {[%clk 0:25:20]} Be6
{[%clk 0:20:14]} 22. Qa4 {[%clk 0:13:46]} Qf5 {[%clk 0:13:08]} 23. Rad1
{[%clk 0:11:42]} Bd5 {[%clk 0:12:25]} 24. Qf4 {[%clk 0:10:54]} Qxf4
{[%clk 0:04:08]} 25. Bxf4 {[%clk 0:11:22]} Rd7 {[%clk 0:04:07]} 26. Bxd5
{[%clk 0:09:14]} cxd5 {[%clk 0:02:19]} 27. Rd2 {[%clk 0:07:20]} Rad8
{[%clk 0:02:15]} 28. Rfd1 {[%clk 0:06:46]} Rb7 {[%clk 0:02:43]} 29. Kg1
{[%clk 0:04:13]} Re8 {[%clk 0:02:24]} 30. Kf1 {[%clk 0:04:01]} Re6
{[%clk 0:02:50]} 31. Be3 {[%clk 0:04:04]} Ra6 {[%clk 0:02:39]} 32. a3
{[%clk 0:03:23]} Ra5 {[%clk 0:02:32]} 33. Re2 {[%clk 0:01:30]} Kg7
{[%clk 0:01:16]} 34. Bd4 {[%clk 0:00:39]} Rab5 {[%clk 0:01:15]} 35. b4
{[%clk 0:00:38]} Rc7 {[%clk 0:01:01]} 36. Re3 {[%clk 0:00:58]} a5
{[%clk 0:00:31]} 37. a4 {[%clk 0:00:48]} Rb8 {[%clk 0:00:52]} 38. b5
{[%clk 0:00:41]} Rc4 {[%clk 0:01:06]} 39. Rf3 {[%clk 0:00:35]} Bxd4
{[%clk 0:01:25]} 40. Rxd4 {[%clk 0:01:04]} Rbc8 {[%clk 0:01:17]} 41. Rxd5
{[%clk 0:00:58]} Rxa4 {[%clk 0:01:05]} 42. Rd7 {[%clk 0:01:26]} Ra1+
{[%clk 0:01:04]} 43. Ke2 {[%clk 0:01:55]} Rb1 {[%clk 0:00:43]} 44. Rfxf7+
{[%clk 0:02:07]} Kg8 {[%clk 0:01:10]} 45. Rg7+ {[%clk 0:02:16]} Kf8
{[%clk 0:01:39]} 46. Rxh7 {[%clk 0:02:26]} Kg8 {[%clk 0:02:00]} 47. Rdg7+
{[%clk 0:01:46]} Kf8 {[%clk 0:02:29]} 48. Rh8+ {[%clk 0:00:53]} Kxg7
{[%clk 0:02:57]} 49. Rxc8 {[%clk 0:01:18]} Rxb5 {[%clk 0:03:16]} 50. Ra8
{[%clk 0:01:35]} Kf6 {[%clk 0:02:01]} 51. Ra6+ {[%clk 0:02:00]} Kf7
{[%clk 0:01:34]} 52. h4 {[%clk 0:02:11]} Rb2+ {[%clk 0:01:04]} 53. Ke3
{[%clk 0:02:23]} Rc2 {[%clk 0:01:09]} 54. Rxa5 {[%clk 0:02:32]} Rxc3+
{[%clk 0:01:35]} 55. Kf4 {[%clk 0:02:40]} Rc2 {[%clk 0:01:57]} 56. Kg3
{[%clk 0:03:01]} Kf6 {[%clk 0:02:08]} 57. f3 {[%clk 0:03:21]} Rb2
{[%clk 0:02:24]} 58. Kh3 {[%clk 0:03:34]} Rf2 {[%clk 0:02:26]} 59. Rb5
{[%clk 0:02:45]} Ke6 {[%clk 0:01:33]} 60. Kg3 {[%clk 0:03:10]} Ra2
{[%clk 0:01:48]} 61. f4 {[%clk 0:03:09]} Kf6 {[%clk 0:02:00]} 62. Kf3
{[%clk 0:03:29]} Ra3+ {[%clk 0:02:04]} 63. Kg4 {[%clk 0:03:53]} Ra6
{[%clk 0:02:31]} 64. g3 {[%clk 0:04:18]} Rc6 {[%clk 0:02:56]} 65. h5
{[%clk 0:04:39]} gxh5+ {[%clk 0:03:16]} 66. Rxh5 {[%clk 0:05:04]} Rc3
{[%clk 0:03:06]} 67. Rh6+ {[%clk 0:05:25]} Kg7 {[%clk 0:03:29]} 68. Ra6
{[%clk 0:05:51]} Rb3 {[%clk 0:03:44]} 69. f5 {[%clk 0:06:11]} Rc3
{[%clk 0:04:02]} 70. Kf4 {[%clk 0:06:35]} Rc4+ {[%clk 0:04:16]} 71. Kg5
{[%clk 0:07:00]} Rc7 {[%clk 0:04:43]} 72. g4 {[%clk 0:07:24]} Rb7
{[%clk 0:05:09]} 73. Rg6+ {[%clk 0:07:26]} Kf7 {[%clk 0:05:16]} 74. Rh6
{[%clk 0:07:01]} Kg7 {[%clk 0:05:28]} 75. Rc6 {[%clk 0:07:01]} Ra7
{[%clk 0:05:49]} 76. Kh5 {[%clk 0:07:25]} Ra1 {[%clk 0:05:40]} 77. Rb6
{[%clk 0:06:25]} Rc1 {[%clk 0:05:58]} 78. Kg5 {[%clk 0:06:46]} Rc7
{[%clk 0:06:23]} 79. Rb4 {[%clk 0:06:59]} Ra7 {[%clk 0:06:33]} 80. Kf4
{[%clk 0:07:12]} Re7 {[%clk 0:06:20]} 81. g5 {[%clk 0:06:46]} Ra7
{[%clk 0:06:49]} 82. Rd4 {[%clk 0:06:05]} Rb7 {[%clk 0:07:09]} 83. g6
{[%clk 0:05:21]} Rb1 {[%clk 0:06:34]} 84. Rd7+ {[%clk 0:05:41]} Kf8
{[%clk 0:06:27]} 85. Kg5 {[%clk 0:05:42]} Rb2 {[%clk 0:06:28]} 86. Ra7
{[%clk 0:05:35]} Rb5 {[%clk 0:06:07]} 87. g7+ {[%clk 0:03:58]} Kg8
{[%clk 0:06:29]} 88. Kg6 {[%clk 0:04:13]} Rb6+ {[%clk 0:04:27]} 89. f6
{[%clk 0:04:38]} Ra6 {[%clk 0:04:33]} 90. Re7 {[%clk 0:04:41]} Rxf6+
{[%clk 0:04:04]} 91. Kxf6 {[%clk 0:05:05]} 1-0

[Event "Wroclaw Open"]
[Site "?"]
[Date "2017.08.16"]
[Round "7.10"]
[White "Schwedek, Tony"]
[Black "Dziodzio, Angelika"]
[Result "1/2-1/2"]
[BlackElo "2126"]
[WhiteElo "1920"]
[LiveChessVersion "1.4.6"]

1. c4 {[%clk 1:30:56]} c5 {[%clk 1:30:55]} 2. g3 {[%clk 1:31:20]} Nc6
{[%clk 1:31:21]} 3. Bg2 {[%clk 1:31:43]} g6 {[%clk 1:31:46]} 4. Nc3
{[%clk 1:32:05]} Bg7 {[%clk 1:32:13]} 5. Nf3 {[%clk 1:32:01]} e5 {[%clk 1:32:30]}
6. O-O {[%clk 1:31:44]} Nge7 {[%clk 1:26:05]} 7. a3 {[%clk 1:31:53]} O-O
{[%clk 1:25:25]} 8. Ne1 {[%clk 1:29:55]} f5 {[%clk 1:23:25]} 9. f4
{[%clk 1:24:10]} d6 {[%clk 1:19:47]} 10. Nc2 {[%clk 1:21:34]} Be6
{[%clk 1:17:27]} 11. Ne3 {[%clk 1:19:39]} Rb8 {[%clk 1:12:19]} 12. Ned5
{[%clk 1:06:16]} a5 {[%clk 1:06:20]} 13. d3 {[%clk 1:03:16]} h6 {[%clk 0:55:39]}
14. Rb1 {[%clk 1:00:43]} Kh7 {[%clk 0:54:46]} 15. Bd2 {[%clk 0:58:30]} Bf7
{[%clk 0:45:01]} 16. h3 {[%clk 0:51:47]} Re8 {[%clk 0:36:49]} 17. Kh2
{[%clk 0:50:28]} Nxd5 {[%clk 0:30:27]} 18. cxd5 {[%clk 0:43:23]} Ne7
{[%clk 0:30:00]} 19. b4 {[%clk 0:43:21]} axb4 {[%clk 0:28:38]} 20. axb4
{[%clk 0:43:41]} exf4 {[%clk 0:28:23]} 21. gxf4 {[%clk 0:42:50]} b6
{[%clk 0:25:34]} 22. e4 {[%clk 0:39:09]} Qd7 {[%clk 0:24:11]} 23. bxc5
{[%clk 0:36:29]} bxc5 {[%clk 0:24:34]} 24. Qc2 {[%clk 0:36:41]} Rec8
{[%clk 0:20:38]} 25. Rxb8 {[%clk 0:35:26]} Rxb8 {[%clk 0:21:07]} 26. Rb1
{[%clk 0:35:41]} Qd8 {[%clk 0:18:59]} 27. Rxb8 {[%clk 0:26:28]} Qxb8
{[%clk 0:19:28]} 28. Qb1 {[%clk 0:26:26]} Qb4 {[%clk 0:16:42]} 29. Qc2
{[%clk 0:20:41]} Be8 {[%clk 0:15:27]} 30. Bf3 {[%clk 0:17:01]} Bd7
{[%clk 0:13:05]} 31. Be2 {[%clk 0:16:10]} Bf6 {[%clk 0:11:49]} 32. Nd1
{[%clk 0:16:14]} Qa3 {[%clk 0:10:37]} 33. Bc1 {[%clk 0:14:29]} Qb4
{[%clk 0:08:38]} 34. Bd2 {[%clk 0:14:53]} Qa3 {[%clk 0:06:56]} 35. Bc1
{[%clk 0:14:00]} Qa5 {[%clk 0:07:25]} 36. Bd2 {[%clk 0:13:55]} Qa6
{[%clk 0:07:55]} 37. Bc3 {[%clk 0:13:15]} Bxc3 {[%clk 0:03:21]} 38. Qxc3
{[%clk 0:13:44]} Ng8 {[%clk 0:03:09]} 39. Kg3 {[%clk 0:08:31]} fxe4
{[%clk 0:03:03]} 40. Ne3 {[%clk 0:08:08]} h5 {[%clk 0:02:32]} 41. Nc4
{[%clk 0:04:36]} Qa2 {[%clk 0:01:35]} 42. Nd2 {[%clk 0:02:58]} Ne7
{[%clk 0:00:42]} 43. Qf6 {[%clk 0:01:43]} Nf5+ {[%clk 0:00:44]} 44. Kf2
{[%clk 0:01:36]} e3+ {[%clk 0:01:07]} 45. Kf3 {[%clk 0:01:35]} Qxd5+
{[%clk 0:01:23]} 46. Ne4 {[%clk 0:02:04]} c4 {[%clk 0:00:50]} 47. dxc4
{[%clk 0:01:49]} Nd4+ {[%clk 0:00:50]} 48. Kxe3 {[%clk 0:02:04]} Nc2+
{[%clk 0:00:57]} 49. Kf3 {[%clk 0:01:41]} Ne1+ {[%clk 0:00:45]} 50. Ke3
{[%clk 0:01:23]} Nc2+ {[%clk 0:00:51]} 51. Kf3 {[%clk 0:01:47]} Ne1+
{[%clk 0:01:14]} 52. Ke3 {[%clk 0:01:42]} 1/2-1/2

[Event "Wroclaw Open"]
[Site "?"]
[Date "2017.08.16"]
[Round "7.11"]
[White "Kanarkiewicz, Michal"]
[Black "Engers, Felix"]
[Result "1-0"]
[BlackElo "1919"]
[WhiteElo "2034"]
[LiveChessVersion "1.4.6"]

1. c4 {[%clk 1:19:08]} e5 {[%clk 1:30:56]} 2. Nc3 {[%clk 1:19:15]} Nc6
{[%clk 1:31:13]} 3. g3 {[%clk 1:19:11]} Nf6 {[%clk 1:31:32]} 4. Bg2
{[%clk 1:19:32]} Bc5 {[%clk 1:31:55]} 5. a3 {[%clk 1:18:02]} a6 {[%clk 1:32:09]}
6. e3 {[%clk 1:18:15]} O-O {[%clk 1:29:40]} 7. Nge2 {[%clk 1:18:16]} d6
{[%clk 1:29:45]} 8. d4 {[%clk 1:16:22]} Ba7 {[%clk 1:29:10]} 9. h3
{[%clk 1:16:38]} Bf5 {[%clk 1:29:33]} 10. O-O {[%clk 1:16:34]} Qd7
{[%clk 1:12:41]} 11. Kh2 {[%clk 1:10:13]} Rab8 {[%clk 1:08:47]} 12. b4
{[%clk 1:09:54]} exd4 {[%clk 0:59:32]} 13. exd4 {[%clk 1:09:26]} Rfe8
{[%clk 0:59:30]} 14. Be3 {[%clk 1:09:23]} Nd8 {[%clk 0:49:28]} 15. Rc1
{[%clk 0:56:02]} c6 {[%clk 0:47:14]} 16. Qd2 {[%clk 0:52:35]} d5 {[%clk 0:43:02]}
17. cxd5 {[%clk 0:41:21]} cxd5 {[%clk 0:40:58]} 18. Nf4 {[%clk 0:41:19]} Ne4
{[%clk 0:39:52]} 19. Qa2 {[%clk 0:41:43]} Nxc3 {[%clk 0:29:36]} 20. Rxc3
{[%clk 0:41:26]} Nc6 {[%clk 0:29:59]} 21. Qxd5 {[%clk 0:25:20]} Qxd5
{[%clk 0:11:05]} 22. Bxd5 {[%clk 0:25:08]} Bxd4 {[%clk 0:11:15]} 23. Bxd4
{[%clk 0:21:26]} Nxd4 {[%clk 0:11:37]} 24. Rc7 {[%clk 0:21:49]} Ne6
{[%clk 0:11:19]} 25. Nxe6 {[%clk 0:21:17]} Bxe6 {[%clk 0:10:11]} 26. Bxb7
{[%clk 0:21:37]} Bc8 {[%clk 0:10:27]} 27. Bxc8 {[%clk 0:13:58]} Rexc8
{[%clk 0:10:24]} 28. Rfc1 {[%clk 0:14:04]} Rxc7 {[%clk 0:10:30]} 29. Rxc7
{[%clk 0:14:32]} g6 {[%clk 0:10:09]} 30. Rc6 {[%clk 0:12:23]} a5 {[%clk 0:10:26]}
31. Rc4 {[%clk 0:11:54]} axb4 {[%clk 0:09:08]} 32. axb4 {[%clk 0:12:19]} Kg7
{[%clk 0:09:10]} 33. Kg2 {[%clk 0:11:58]} Kf6 {[%clk 0:09:34]} 34. Kf3
{[%clk 0:11:02]} Ke5 {[%clk 0:09:34]} 35. Re4+ {[%clk 0:06:22]} Kf6
{[%clk 0:09:05]} 36. h4 {[%clk 0:06:10]} h5 {[%clk 0:09:11]} 37. Ke3
{[%clk 0:06:28]} Kf5 {[%clk 0:07:35]} 38. Kd3 {[%clk 0:05:52]} f6
{[%clk 0:07:57]} 39. f3 {[%clk 0:04:32]} g5 {[%clk 0:07:07]} 40. g4+
{[%clk 0:02:57]} Kg6 {[%clk 0:07:11]} 41. gxh5+ {[%clk 0:02:52]} Kxh5
{[%clk 0:07:32]} 42. hxg5 {[%clk 0:03:20]} fxg5 {[%clk 0:07:49]} 43. Kc4
{[%clk 0:01:44]} Rc8+ {[%clk 0:08:01]} 44. Kd4 {[%clk 0:01:32]} Rd8+
{[%clk 0:06:40]} 45. Kc4 {[%clk 0:01:19]} Rc8+ {[%clk 0:07:06]} 46. Kb3
{[%clk 0:01:36]} Rb8 {[%clk 0:07:13]} 47. Re3 {[%clk 0:01:58]} Kh4
{[%clk 0:07:22]} 48. Kc4 {[%clk 0:01:57]} Rc8+ {[%clk 0:04:14]} 49. Kd5
{[%clk 0:02:26]} Rb8 {[%clk 0:04:00]} 50. Rb3 {[%clk 0:02:37]} Kg3
{[%clk 0:03:34]} 51. b5 {[%clk 0:02:22]} Rb6 {[%clk 0:01:31]} 52. Kc5
{[%clk 0:02:15]} Rb8 {[%clk 0:01:13]} 53. b6 {[%clk 0:02:37]} Kf4
{[%clk 0:01:19]} 54. Kc6 {[%clk 0:02:38]} Rh8 {[%clk 0:00:43]} 55. b7
{[%clk 0:02:34]} Rh6+ {[%clk 0:00:38]} 56. Kc7 {[%clk 0:02:53]} Rh7+
{[%clk 0:01:05]} 57. Kb6 {[%clk 0:03:16]} Rh6+ {[%clk 0:00:33]} 58. Ka7
{[%clk 0:03:26]} Rh7 {[%clk 0:00:43]} 59. Ka8 {[%clk 0:03:48]} 1-0